CLINICAL PATHOLOGY HEMATOLOGY & BLOOD BANKING FOR DMLT STUDENTS (Record no. 28621)

MARC details
000 -LEADER
fixed length control field 00382nam a22001577a 4500
003 - CONTROL NUMBER IDENTIFIER
control field SGT
020 ## - INTERNATIONAL STANDARD BOOK NUMBER
International Standard Book Number 9789390595761
082 ## - DEWEY DECIMAL CLASSIFICATION NUMBER
Classification number 616.07
Item number C24M
100 ## - MAIN ENTRY--PERSONAL NAME
Personal name MAHESHWARI, NANDA
245 ## - TITLE STATEMENT
Title CLINICAL PATHOLOGY HEMATOLOGY & BLOOD BANKING FOR DMLT STUDENTS
250 ## - EDITION STATEMENT
Edition statement 4TH
260 ## - PUBLICATION, DISTRIBUTION, ETC. (IMPRINT)
Place of publication, distribution, etc INDIA
Name of publisher, distributor, etc JAYPEE PUB
Year of Publication 2024
300 ## - PAGE DESCRIPTION
No. of Pages 352
650 ## - SUBJECT ADDED ENTRY--TOPICAL TERM
Topical term or geographic name as entry element BLOOD BANKING
942 ## - ADDED ENTRY ELEMENTS (KOHA)
Source of classification or shelving scheme Dewey Decimal Classification
Koha item type Books
Holdings
Withdrawn status Lost status Source of classification or shelving scheme Damaged status Not for loan Collection code Home library Current library Shelving location Date acquired Vendor Name Cost, normal purchase price SGTU Bill Number Full call number Accession No. (Barcode) Date last seen Bill Date Koha item type Total Checkouts Date last borrowed
    Dewey Decimal Classification   Not For Loan MEDICAL SGT Medical Library SGT Medical Library Reference Book 13/12/2024 ABC PUB. DELHI 725.00 SGTU 20050 616.07 C24M FM14586 01/01/2025 13/12/2024 Books    
    Dewey Decimal Classification     MEDICAL SGT Medical Library SGT Medical Library Text Book 13/12/2024 ABC PUB. DELHI 725.00 SGTU 20050 616.07 C24M FM14587 10/03/2026 13/12/2024 Books 1 16/02/2026
    Dewey Decimal Classification     MEDICAL SGT Medical Library SGT Medical Library Text Book 13/12/2024 ABC PUB. DELHI 725.00 SGTU 20050 616.07 C24M FM14588 09/04/2026 13/12/2024 Books 4 25/03/2026
    Dewey Decimal Classification     MEDICAL SGT Medical Library SGT Medical Library Text Book 13/12/2024 ABC PUB. DELHI 725.00 SGTU 20050 616.07 C24M FM14589 01/01/2025 13/12/2024 Books    
    Dewey Decimal Classification     MEDICAL SGT Medical Library SGT Medical Library Text Book 13/12/2024 ABC PUB. DELHI 725.00 SGTU 20050 616.07 C24M FM14590 01/01/2025 13/12/2024 Books